• 首页
  • 本馆介绍
  • 公告通知
  • 最新文献
  • 馆藏检索
  • 电子资源
  • 读者导购
  • 参考咨询
  • 我的图书馆
  • 登录
  • 详细信息显示
  • 放入我的书架
  • 预约/预借图书
  • 作者相关作品
  • 分类相关作品
  • 丛书相关作品
  • 出版社相关作品

书目信息

  • 表格格式
  • 工作单格式
  • 卡片格式
书名: The wind won’t know me
作者: Emily Benedek.
分册号:
分册名:
出版地: Norman :
 
出版社: University of Oklahoma Press
出版时间: 1999.
页数: 443 p. :
开本: 22 cm.
丛书名:
中图分类号:
科图分类号:
其他分类号: K71
主题词:
电子资源:
000 01275pam a2200337 a 450
001 E0755832533
005 20070710153358.95
008 980924r19991992okua b s001 0 eng
010    @a98043267
020    @a080613125X (paper : alk. paper).
035    @A(DLC) 98043267
040    @aDLC@cDLC@dDLC
043    @an-us-az
050 00 @aE99.N3@bB453 1999
082 00 @a979.1/004972@2 21
090    @aK71
099    @dK71@ex76
100 1  @aBenedek, Emily.
245 14 @aThe wind won’t know me :@ba history of the Navajo-Hopi land dispute / @cEmily Benedek.
250    @aOklahoma paperbacks ed.
260    @aNorman :@bUniversity of Oklahoma Press,@c1999.
300    @a443 p. :@bill. ;@c22 cm.
500    @aOriginally published: New York : Knopf, 1992. With new epilogue.
504    @aIncludes bibliographical references (p. [411]-[434]) and index.
650  0 @aNavajo Indians@xLand tenure.
650  0 @aHopi Indians@xLand tenure.
650  0 @aNavajo Indians@xGovernment relations.
650  0 @aHopi Indians@xGovernment relations.
906    @a7@bcbc@corignew@d1@eocip@f19@gy-gencatlg
955    @apc01 to SA00 09-24-98; sf10 10-07-98; sf12 10-08-98; sf04 10-07-98; CIP ver. sf02 03-18-99
991    @bc-GenColl@hE99.N3@iB453 1999@tCopy 1@wBOOKS
    
    The wind won’t know me : : a history of the Navajo-Hopi land dispute / / Emily Benedek.-Oklahoma paperbacks ed.-Norman : : University of Oklahoma Press, , 1999.
    443 p. : : ill. ; ; 22 cm.
    Originally published: New York : Knopf, 1992. With new epilogue.-Includes bibliographical references (p. [411]-[434]) and index.
    
    ISBN 080613125X (paper : alk. paper).
    
●
相关链接 在E读中查询图书 在五车中查询图书 在当当中查询图书 在豆瓣中查询图书


正题名:wind won't know me     索取号:K71/x76         预约/预借

序号 登录号 条形码 馆藏地/架位号 状态 备注
1 0011687   300116871   第二样本阅览室/ [索取号:K71/x76] 在馆    
唐山师范学院图书馆 欢迎您!
大连网信软件有限公司© 版权所有